| 000 | 00754nam a2200241Ia 4500 | ||
|---|---|---|---|
| 003 | OSt | ||
| 005 | 20220923225957.0 | ||
| 006 | a|||||r|||| 00| 0 | ||
| 007 | ta | ||
| 008 | 220922b |||||||| |||| 00| 0 hin d | ||
| 024 | _a276,473 | ||
| 037 | _cTextual | ||
| 040 |
_aARTS _cARTS _bhin |
||
| 041 |
_2hin _ahin |
||
| 082 | _aO152,2:g, N6 | ||
| 100 | _aरमेश गौतम | ||
| 245 | 0 |
_aहिन्दी नाट्यकर्म _b दृष्टि और सृष्टि |
|
| 246 | _aHindī nāṭyakarma: dṛuṣhṭi aur sṛuṣhṭi | ||
| 260 | _c1996 | ||
| 650 |
_aहिन्दी साहित्य _9156264 |
||
| 942 |
_hO152,2:g, N6 _cTEXL _2CC |
||
| 999 |
_c381730 _d381730 |
||